LEADER 01359nam a2200313 u 4500 001 000000016563 003 CaOOAMICUS 005 20070226110016.0 008 950329s1988 it u000 u ita u 020 $a8842030481 035 $a10387688 040 $aIAR$bita 100 1 $aDonati, Claudio,$d1950-2008.$0(OLS)http://pul/name/15039 245 12$aL'idea di nobiltà in Italia :$bsecoli XIV-XVIII /$cClaudio Donati. 260 $aRoma :$bLaterza,$c1988. 300 $avii, 402 p. :$bprosp. ;$c21 cm 490 1 $aCollezione storica (Editori Laterza) 500 $aIndex: p. [369]-399. 504 $aContains bibliographical references. 650 4$aClassi sociali$zItalia$ySec. XIV-XVIII.$0(OLS)http://pul/subject/11762 650 0$aNobility$zItaly$xHistory.$2//eng$0(OLS)http://pul/subject/11763 651 0$aItaly$xSocial conditions.$0(OLS)http://pul/subject/11764 830 0$aCollezione storica (Editori Laterza).$0(OLS)http://pul/title/118 850 $aPUL 852 $aPUL$W1$xSL Filosofia 1$y2$m138 G 17$j23309$nBK-PRI$b $qStampati$B23309$CPULBib$Z2$F23309 $HPUL64635 $81 941 1 $a8 996 $6020$a8842030481$9(OLS)http://pul/number/21294 996 $6245$aL'idea di nobiltà in Italia :$bsecoli XIV-XVIII$9(OLS)http://pul/title/23635 996 $6260$aRoma :$bLaterza$9(OLS)http://pul/publisher/47864 LEADER 00856nam a2200229 u 4500 001 000000055978 003 CaOOAMICUS 005 20070226120425.0 008 010326s1936 gw u000 u ger u 035 $a10870183 040 $aPUL(R)$bita 100 1 $aGrewe, Wilhelm.$0(OLS)http://pul/name/39318 245 10$aGnade und Recht /$cvon Wilhelm Grewe. 260 $aHamburg :$bHanseatische Verlagsanstalt,$c1936. 300 $a147 p. ;$c24 cm 504 $aBibliografia: p. 143-147. 650 4$aTeologia e diritto.$0(OLS)http://pul/subject/16865 850 $aPUL 852 $aPUL$W1$xDP2 Diritto e Scienze Sociali 1$y65$m237 D 23$j73515$nBK-PRI$qStampati$B73515$CPULBib$Z2$F73515 $82 941 1 $a8 996 $6245$aGnade und Recht$9(OLS)http://pul/title/74901 996 $6260$aHamburg :$bHanseatische Verlagsanstalt$9(OLS)http://pul/publisher/69112